The Bible: (Record no. 7575)

000 -LEADER
fixed length control field 00579nam a2200181 a 4500
001 - CONTROL NUMBER
control field :::00005336$&:&@@
003 - CONTROL NUMBER IDENTIFIER
control field OkBaRHE
005 - DATE AND TIME OF LATEST TRANSACTION
control field 20000607103325.0
008 - FIXED-LENGTH DATA ELEMENTS--GENERAL INFORMATION
fixed length control field s1925 j 000 0 eng u
040 ## - CATALOGING SOURCE
Transcribing agency
100 1# - MAIN ENTRY--PERSONAL NAME
Personal name McCrossan, T. J.
245 14 - TITLE STATEMENT
Title The Bible:
Remainder of title its Christ and modernism.
260 ## - PUBLICATION, DISTRIBUTION, ETC. (IMPRINT)
Place of publication, distribution, etc New York, NY., :
Name of publisher, distributor, etc Christian Alliance Publishing Co.
Date of publication, distribution, etc c1925
300 ## - PHYSICAL DESCRIPTION
Extent 213 p. ;
Dimensions 20 cm.
650 ## - SUBJECT ADDED ENTRY--TOPICAL TERM
Topical term or geographic name as entry element Bible
General subdivision Evidences, Authority, etc.
942 ## - ADDED ENTRY ELEMENTS (KOHA)
Source of classification or shelving scheme
Koha item type Books
Copies
Full call number Lost status Withdrawn status Shelving location Permanent Location Koha item type Copy number Barcode Source of classification or shelving scheme Not for loan Damaged status Date acquired Date last seen Price effective from
BT 480 .M23B5  General StacksRHEMA Bible Training CollegeBooks15336   2010-04-142010-04-142010-04-14